000
00384nam a2200145Ia 4500
008
090124s9999 xx 000 0 und d
082
_b
303871
245
_a
ग्रीष्म दाह
250
_a
1
260
_b
जोग वि. स.
_c
1995
300
_a
152
630
_a
ग्रीष्म दाह
730
_a
ग्रीष्म दाह
942
_c
BOOK
999
_c
193508
_d
193508